000 00741nam a22002297a 4500
005 20250819092731.0
008 250819b |||||||| |||| 00| 0 eng d
020 _a978-977-735-762-3 (pbk)
037 _cTB
040 _aAL
_cAL
041 _2ARB
_aARB
084 _aO28,6:g Q7
_bAL
100 _aIbrahim, Mujdi Ibrahim Mohammad
_9818067
245 _aAl-ghaz fi al-lughat wa al-adab
260 _aAlexandria, Egypt:
_bDarul wafa,
_c2018.
300 _a180p.
365 _b1560.00
_cINR
650 _aArabic Literature
650 _aArabic Idioms
_9817201
942 _2CC
_cTB
_hO28,6:g Q7
_n0
999 _c1434786
_d1434786